Technika restavracii kartin

Salvato in:
Dettagli Bibliografici
Natura: Libro
Lingua:russo
Pubblicazione: Moskva Izdateľstvo Gosudarstvennoj Tretjakovskoj Gallerei 1948
Tags: Aggiungi Tag
Nessun Tag, puoi essere il primo ad aggiungerne!!

MARC

LEADER 00000nam a2200000 4500
001 0308380
005 20250430131057.3
041 0 |a rus 
044 |a RU 
245 1 0 |a Technika restavracii kartin  |c Je. V. Kudrjavcev ; I. E. Grabarj 
264 1 |a Moskva  |b Izdateľstvo Gosudarstvennoj Tretjakovskoj Gallerei  |c 1948